Giống lúa và sản xuất hạt giống lúa tốt

Sparad:
Bibliografiska uppgifter
Huvudupphovsman: Nguyễn Thị Lang
Materialtyp: Bok
Språk:Undetermined
Publicerad: Tp. HCM Nông Nghiệp 2000
Ämnen:
Taggar: Lägg till en tagg
Inga taggar, Lägg till första taggen!
Thư viện lưu trữ: Trung tâm Học liệu Trường Đại học Cần Thơ
LEADER 00565nam a2200193Ia 4500
001 CTU_39278
008 210402s9999 xx 000 0 und d
020 |b 8.500đ 
082 |a 633.18 
082 |b L106 
100 |a Nguyễn Thị Lang 
245 0 |a Giống lúa và sản xuất hạt giống lúa tốt 
245 0 |c Nguyễn Thị Lang 
260 |a Tp. HCM 
260 |b Nông Nghiệp 
260 |c 2000 
650 |a rice - breeding,rice - quality 
904 |i Minh, 001108 
980 |a Trung tâm Học liệu Trường Đại học Cần Thơ